| 000 | 00459nam a22001937a 4500 | ||
|---|---|---|---|
| 003 | CEME | ||
| 005 | 20210628204033.0 | ||
| 008 | 210107b xxu||||| |||| 00| 0 eng d | ||
| 020 | _a9788126536030 | ||
| 040 | _cceme | ||
| 082 | _a004.6 SAU | ||
| 100 |
_aSaurabh, Kumar. Dr _968374 |
||
| 245 | _aCloud computing | ||
| 250 | _a2ND | ||
| 260 |
_aINDIA _bWILEY INDIA _c2012 |
||
| 300 | _aXXVII, 219P | ||
| 650 |
_aCLOUD COMPUTING _927506 |
||
| 942 |
_cBK _2ddc |
||
| 999 |
_c575970 _d575970 |
||